00886nam a22002657a 45000010005000000030006000050050017000110080041000280200018000690400029000870500015001160820012001311000024001432450042001672500038002092600057002473000048003044900033003525050008003855200115003935210024005085210020005326500039005527000029005918329FISKH20250909113312.0250909b cb ||||| |||| 00| 0 eng d a9780822595229 aFISKHbengcFISKHdFISKH aQL959 .J74 a598.617 aJohnson, Sylvia A.  aInside an egg / cBy Sylvia A.Johnson aThis edition first published 1982 aMinneapolis :bLerner Publications Company , c1982. a48 pages : bcolor illustrations ;c22 cm . aLerner Natural Science Books aZ  aText and photographs trace the development of a chicken egg from the time it is laid until the chick is born. 8 a1080 bLexile NC 8 aZ bRaz-Plus  aChick embryovJuvenile Literature  aUri, ChaimeIllustrator